01161 2200277 4500001002100000005001500021035002000036007000300056008004100059020002200100082001300122084002200135100002300157245007600180300004500256650002400301700003000325520035400355264003200709336002100741337003000762338002300792250003600815990001600851990001600867INLIS00000000116274520221215104041 a0010-1122000298ta221215 g 0 ind  a978-602-250-589-1 a338.4791 aSR 338.4791 CHE l0 aCheriatnaepenulis1 aLaris manis bisnis wisata halal /cCheriatna; penyunting, Arief Muhajir axiv, 144 halaman :bilustrasi ;c20,5 cm 4aIndustri pariwisata0 aArief Muhajirepenyunting aBuku ini berisi tentang pemaparan lebih lanjut mengenai apa itu wisata halal, mengapa harus bisnis wisata halal, bagaimana memulai bisnis wisata halal, bagaimana pendapat orang tentang pentingnya wisata halal, serta bagaimana cara meraih manisnya bisnis wisata halal. Bisnis wisata halal menjadi sebuah bisnis yang sangat menggiurkan untuk dirintis. aDepok :bGema Insani,c2018 2rdacontentateks 2rdamediaatanpa perantara 2rdacarrieravolume aCetakan pertama, September 2018 a50207.63027 a50208.63028